000 00650cam a2200229 a 4500
003 OSt
005 20160302195944.0
008 150401b xxu||||| |||| 00| 0 eng d
020 _a9788126508778
040 _aSEKU
050 0 0 _aQD 453.3
_b.S5 2005
100 1 _aSilbey, Robert J.
245 1 0 _aPhysical chemistry /
_cRobert J. Silbey; Robert A. Alberty; Moungi G. Bawendi.
250 _a4th ed.
260 _aNew Delhi :
_bJohn Wiley & Sons,
_cc2005.
300 _a944 p. :
_bill.
650 _aChemistry
650 _aChemistry, physical and theoretical
700 1 _aAlberty, Robert A.
700 1 _aBawendi, Moungi G.
942 _2lcc
_cSL1
999 _c1476
_d1476